Normal view MARC view

Entry Topical Term

Number of records used in: 1

001 - CONTROL NUMBER

  • control field: 209917

003 - CONTROL NUMBER IDENTIFIER

  • control field: OSt

005 - DATE AND TIME OF LATEST TRANSACTION

  • control field: 20250512105005.0

008 - FIXED-LENGTH DATA ELEMENTS

  • fixed length control field: 250512|| aca||aabn | a|a d

040 ## - CATALOGING SOURCE

  • Original cataloging agency: OSt
  • Transcribing agency: OSt

150 ## - HEADING--TOPICAL TERM

  • Topical term or geographic name entry element: Karnataka History

670 ## - SOURCE DATA FOUND

  • Source citation: Work cat.: (OSt)84348: SHRIKANTHAYYA (B M). ಬಿ ಎಂ ಶ್ರೀಕಂಠಯ್ಯ 209916, Kannada nadina charitre. Bhaga 3. (Karnataka kalegalu), 1976